| 000 | 00615nam a2200193 a 4500 | ||
|---|---|---|---|
| 001 | 000021440 | ||
| 005 | 20200930011328.0 | ||
| 008 | 100907s1961 sp 000 f spa d | ||
| 040 |
_aDO-SdBNP _bspa _cBNPHU |
||
| 082 |
_a813 _bA634n |
||
| 245 | 0 | 0 |
_aAntología de novelas del oeste / _ctraducción José Mª Aroca. |
| 260 |
_aBarcelona : _bAcervo, _c1961-. |
||
| 300 |
_av. ; _c20 cm. |
||
| 500 | _aLa biblioteca posee v.1, v.2, v.4-v.6 | ||
| 650 | 4 |
_aNovela estadounidense _9262 |
|
| 650 | 4 |
_aLiteratura estadounidense _9263 |
|
| 700 | 1 | 2 |
_aAroca, José M., _etr. _944730 |
| 910 | _aValidado. Control de calidad MFF | ||
| 999 |
_c20940 _d20940 |
||